000 01016nam a2200301Ia 4500
003 CO-BoRNBP
005 20250604160646.0
007 ta
008 180109s9999 xx 000 0 und d
020 _a9789505155835
040 _aCO-BoRNBP
_bspa
_erda
_cCO-BoRNBP
041 _aspa
084 _aP HER7
100 1 _aHernández, José, 1965- ,
_959577
245 1 0 _aMartín Fierro /
_cJosé Hernández ; ilustrado por Fontanarrosa.
250 _aCuarta edición.
264 1 _aBuenos Aires :
_bEdiciones de la Flor;2013
300 _a184 páginas :
_bilustraciones en color ;
_c30 cm
336 _atexto
_btxt
_2rdacontent
337 _asin mediación
_bn
_2rdamedia
338 _avolumen
_bnc
_2rdacarrier
650 0 4 _aPoesia Ilustrada
_2LEMB
_959578
650 0 4 _aAutores Argentinos - Siglo XX
_2LEMB
_92228
650 0 4 _aLiteratura Argentina - Siglo XX
_2LEMB
_92232
650 0 4 _aPoesia Argentina - Siglo XX
_2LEMB
_959579
700 1 _aFontanarrosa, Roberto, 1944-2007, ilustrador
_959580
942 _2loc
_cBK
999 _c57144
_d57144